000
00310nam a22001337a 4500
003
SGT
082
_a
617.7
_b
M14K
100
_a
KHURANA, A.K.
245
_a
MSO SERIES DISORDERS OF LENS AND CATARACT SURGERY
260
_a
INDIA
_b
CBS
_c
2014
300
_a
344
650
_a
OPHTHALMOLOGY
942
_2
ddc
_c
BK
_0
3
999
_c
14633
_d
14633